[Event "1st Lanzarote it"]
[Site "Lanzarote ESP"]
[Date "1973.04.28"]
[Round "5"]
[White "Menvielle Lacourrelle, Augusto"]
[Black "Saidy, Anthony"]
[Result "0-1"]
[WhiteElo "2365"]
[BlackElo "2425"]
[EventDate "1973.04.24"]
[PlyCount "87"]

1.e4 d6 2.d4 Nf6 3.Nc3 g6 4.f4 Bg7 5.Nf3 c5 6.Bb5+ Bd7 7.e5 Ng4 8.Bxd7+ 
Qxd7 9.d5 Na6 10.h3 Nh6 11.Be3 O-O-O 12.g4 e6 13.Ne4 dxe5 14.fxe5 Kb8 15.
Bxh6 Bxh6 16.g5 Qxd5 17.Qxd5 exd5 18.Nd6 Bg7 19.O-O-O Rd7 20.Rxd5 b6 21.
Rdd1 Nb4 22.a4 Rhd8 23.c3 Nc6 24.Nc4 Kc7 25.Rxd7+ Kxd7 26.Rd1+ Ke6 27.Rf1 
Rd5 28.Ne3 Rd3 29.Ng4 a6 30.Kc2 Rd8 31.Re1 Rd5 32.Nf6 Bxf6 33.exf6+ Kf5 
34.Re7 Kf4 35.Ne1 Ne5 36.h4 c4 37.Re8 Kg3 38.b3 b5 39.h5 ( {Ernesto Solana
(27-09-2016): Aqu el Boletn oficial del Torneo indica ambiguamente --en 
descriptivo-- "39.P5T", as que dos finales son posibles. La primera opcin 
sera la lnea principal (Mega base CHESSBASE 2011, cdigo EXT 2001) y la 
segunda opcin sera la siguiente:} 39.a5 Kf2 ( 39...Kxh4 $2 40.Rxe5 $1 ) 
40.Ra8 Kxe1 41.Rxa6 Rd2+ {(Esta ltima versin me parece ms creble por su 
"carcter prctico", ya que incluye una pequea celada justo antes del 
control y trata de hacer valer al pen "a". No obstante, he preferido 
mantener --provisionalmente-- la versin que apareca en CHESSBASE).} ) 
39...Kf2 40.Ra8 Kxe1 41.Rxa6 Rd2+ {[Comentarios: FM Ernesto Solana. (Blog 
EXPLORACIONES INTROVERSAS, 2016). || Fuente 1: BOLETN OFICIAL DEL I TORNEO
INTERNACIONAL DE AJEDREZ CIUDAD DE ARRECIFE DE LANZAROTE. (1973, partida 
22, pgina 7). Federacin Provincial de Ajedrez de Gran Canaria. Espaa. /\ 
Fuente 2: Megabase CHESSBASE 2011. (cdigo fuente EXT 2001). Partida 
Menvielle - Saidy de "Lanzarote 1973". Base de datos y software de la 
empresa Chessbase Matrimony. Hamburgo, Alemania. /\ Fuente 3: Solana, 
Ernesto. Coleccin de partidas digitalizadas del Torneo Internacional de 
Lanzarote 1973. Blog EXPLORACIONES INTROVERSAS. (01-10-2016). Ricardo 
Moyano (Editor/Blogmaster). Espacio virtual oriundo de Espaa. Disponible 
en la direccin http://nemogc. 
blogspot.com/2016/10/i-torneo-de-ajedrez-internacional.html ]} 0-1

[Event "1st Lanzarote it"]
[Site "Lanzarote ESP"]
[Date "1973.04.29"]
[Round "6"]
[White "Andersson, Ulf"]
[Black "Menvielle Lacourrelle, Augusto"]
[Result "1/2-1/2"]
[WhiteElo "2535"]
[BlackElo "2365"]
[EventDate "1973.04.24"]
[PlyCount "108"]

1.Nf3 g6 2.e4 d6 3.d4 Bg7 4.Be2 Nf6 5.Nc3 O-O 6.O-O Nc6 7.Be3 Ng4 8.Bg5 h6
9.Bh4 Nf6 10.d5 Nb8 11.e5 dxe5 12.Nxe5 Nbd7 13.Nxd7 Bxd7 14.Re1 Qc8 15.Qd2
Bf5 16.Bf3 Qd7 17.Rad1 g5 18.Bg3 Rfe8 19.h4 g4 20.Be4 Nxe4 21.Nxe4 c6 22.
c4 cxd5 23.cxd5 Rac8 24.Nc3 e6 25.Be5 f6 26.Bf4 Kh7 27.dxe6 Qxd2 28.Rxd2 
Rxe6 29.Rxe6 Bxe6 30.Rd6 Re8 31.b3 a6 32.Kf1 Kg6 33.Ne2 Bf8 34.Rd1 Bf5 35.
Be3 Kf7 36.Rd5 Re5 37.Rd8 Re8 38.Rd5 Re5 39.Rd8 Ra5 40.a4 Re5 41.Bf4 Re8 
42.Rxe8 Kxe8 43.Nd4 Bd3+ 44.Ke1 Bb4+ 45.Bd2 Bf8 46.Ne6 Bc2 47.Nxf8 Kxf8 
48.Bxh6+ Kf7 49.a5 Kg6 50.Bd2 Bxb3 51.Bc3 f5 52.Be5 Kh5 53.Bf6 Bd5 54.Kf1 
f4 {[ Fuente: Revista AJEDREZ CANARIO. (Junio 1973, nmero 23, pginas 325 -
332). Seleccin de partidas del 1er Torneo Intenacional "Ciudad de Arrecife
de Lanzarote" 1973. Publicacin editada por la Caja Insular de Ahorros de 
Gran Canaria. Las Palmas, isla de Gran Canaria, Espaa. ]} 1/2-1/2

[Event "1st Lanzarote it"]
[Site "Lanzarote ESP"]
[Date "1973.04.29"]
[Round "6"]
[White "Saidy, Anthony"]
[Black "Kavalek, Lubomir"]
[Result "1/2-1/2"]
[WhiteElo "2425"]
[BlackElo "2555"]
[EventDate "1973.04.24"]
[PlyCount "84"]

1.c4 e5 2.Nc3 d6 3.g3 g6 4.d4 Nc6 5.dxe5 dxe5 6.Qxd8+ Nxd8 7.Nf3 f6 8.Nb5 
Bb4+ 9.Bd2 Bxd2+ 10.Kxd2 Ne6 11.Bh3 Ke7 12.Bxe6 Bxe6 13.Nxc7 Rd8+ 14.Kc3 
Bxc4 15.Kxc4 Rc8 16.Rac1 Rxc7+ 17.Kb3 Rxc1 18.Rxc1 Kd7 19.Nd2 b6 20.Kb4 
Ne7 21.Kb5 h6 22.a3 Rb8 23.e3 Nd5 24.Nf3 a6+ 25.Ka4 Ne7 26.Kb3 Rc8 27.Rxc8
Nxc8 28.Nh4 Ne7 29.e4 f5 30.f3 Ke6 31.Kc4 f4 32.g4 Kd6 33.b4 b5+ 34.Kd3 
Ke6 35.Ng2 Nc6 36.h4 g5 37.hxg5 hxg5 38.Ne1 Nd4 39.Kd2 Kd6 40.Kd3 Kc6 41.
Kd2 Kb6 42.Kd3 a5 {[Partida tipeada y digitalizada por Ernesto Solana 
(21-09-2016, Canarias, ESP) de la fuente primaria: BOLETN OFICIAL DEL I 
TORNEO INTERNACIONAL DE AJEDREZ CIUDAD DE ARRECIFE DE LANZAROTE. (1973, 
partida nmero 28, pgina 8). Federacin Provincial de Ajedrez de Gran 
Canaria. Espaa. ]} 1/2-1/2

[Event "1st Lanzarote it"]
[Site "Lanzarote ESP"]
[Date "1973.04.29"]
[Round "6"]
[White "Visier Segovia, Fernando"]
[Black "Calvo Minguez, Ricardo"]
[Result "1-0"]
[WhiteElo "2365"]
[BlackElo "2330"]
[EventDate "1973.04.24"]
[PlyCount "77"]

1.d4 Nf6 2.c4 g6 3.Nc3 d5 4.Bf4 Bg7 5.e3 c6 6.Rc1 O-O 7.Nf3 Qb6 8.Qd2 Ne4 
9.Nxe4 dxe4 10.c5 Qd8 11.Ne5 f6 12.Nc4 b5 13.Na5 Qd5 14.Be2 Kh8 15.Bd1 Be6
16.f3 f5 17.O-O Qd7 18.Bxb8 Raxb8 19.f4 Bd5 20.b4 Bf6 21.a4 bxa4 22.Bxa4 
g5 23.g3 gxf4 24.gxf4 Rg8+ 25.Kh1 Rg4 26.Rg1 Rxf4 27.Bxc6 Bxc6 28.Nxc6 
Qxc6 29.d5 Rf2 30.Qxf2 Qxd5 31.c6 Rc8 32.Rc5 Qe6 33.Qf4 Bg7 34.b5 Bh6 35.
Qf2 f4 36.Qb2+ Qf6 37.Qxf6+ exf6 38.c7 fxe3 39.Rd5 {[Fuente: Megabase 
CHESSBASE 2011. (2010, cdigo fuente EXT2001). Seleccin de partidas de 
"Lanzarote" 1973. Base de datos y software Chessbase Matrimony. Hamburgo, 
Alemania. ]} 1-0

[Event "1st Lanzarote it"]
[Site "Lanzarote ESP"]
[Date "1973.04.30"]
[Round "7"]
[White "Calvo Minguez, Ricardo"]
[Black "Saidy, Anthony"]
[Result "1-0"]
[WhiteElo "2330"]
[BlackElo "2425"]
[EventDate "1973.04.24"]
[PlyCount "63"]

1.d4 d6 2.e4 Nf6 3.Bd3 Nc6 4.Ne2 Nb4 5.O-O g6 6.Bg5 Bg7 7.Qd2 Nxd3 8.cxd3 
h6 9.Bf4 c6 10.Nbc3 e5 11.dxe5 dxe5 12.Be3 Ng4 13.Bc5 b6 14.Ba3 Qg5 15.Qc2
Bd7 16.Rad1 h5 17.d4 exd4 18.Rxd4 Bxd4 19.Nxd4 Qf4 20.g3 Qh6 21.Nd5 Rc8 
22.Ne7 c5 23.Nxc8 Bxc8 24.Bxc5 bxc5 25.Qxc5 Bd7 26.Rd1 g5 27.Nf5 Bxf5 28.
exf5 Qb6 29.Qc8+ Ke7 30.Rd7+ Kf6 31.Qxh8+ Kxf5 32.Rxf7+ {[Fuente: Megabase
CHESSBASE 2011. (2010, cdigo fuente EXT2001). Seleccin de partidas de 
"Lanzarote" 1973. Base de datos y software Chessbase Matrimony. Hamburgo, 
Alemania. ]} 1-0

[Event "1st Lanzarote it"]
[Site "Lanzarote ESP"]
[Date "1973.04.30"]
[Round "7"]
[White "Huguet, Bernard"]
[Black "Visier Segovia, Fernando"]
[Result "1/2-1/2"]
[WhiteElo "2255"]
[BlackElo "2365"]
[EventDate "1973.04.24"]
[PlyCount "72"]

1.d4 Nf6 2.c4 e6 3.Nf3 c5 4.Nc3 cxd4 5.Nxd4 Bb4 6.Qb3 Na6 7.g3 d5 8.Bg2 
Qa5 9.cxd5 Nxd5 10.Bd2 O-O 11.O-O Nxc3 12.Bxc3 e5 13.Bxb4 Nxb4 14.Nc2 Nc6 
15.Rfd1 Qa6 16.Qe3 Be6 17.Rd6 Qb5 18.b3 Rad8 19.Rad1 Rxd6 20.Rxd6 Qa5 21.
Bxc6 bxc6 22.Rxc6 Rd8 23.f3 Qxa2 24.Qxe5 Qxb3 25.Qc7 Rd1+ 26.Kf2 h6 27.
Qxa7 Qb1 28.Rc7 Rh1 29.Ke3 Qc1+ 30.Ke4 Rxh2 31.Nd4 Qb1+ 32.Kf4 Kh7 33.Nxe6
g5+ 34.Kg4 h5+ 35.Kxg5 Qg6+ 36.Kf4 Qf6+ {[ Ernesto Solana (21-09-2016): En
este momento, a pocas jugadas del control de tiempo, Visier se conform con
el empate, si bien los mdulos de anlisis le otorgan ventaja decisiva por 
la ms expuesta posicin del Rey blanco. ] [Partida tipeada y digitalizada 
por Ernesto Solana (21-09-2016, Canarias, ESP) de la fuente primaria: 
BOLETN OFICIAL DEL I TORNEO INTERNACIONAL DE AJEDREZ CIUDAD DE ARRECIFE DE
LANZAROTE. (1973, partida nmero , pgina ). Federacin Provincial de Ajedrez
de Gran Canaria. Espaa. ]} ( 36...Qf6+ 37.Ke3 Qxe6+ 38.Kd4 Rxe2 39.Rxf7+ 
Kg8 40.Rg7+ Kf8 $19 {[%csl Rd4,Gf8]} ) 1/2-1/2

[Event "1st Lanzarote it"]
[Site "Lanzarote ESP"]
[Date "1973.04.30"]
[Round "7"]
[White "Kavalek, Lubomir"]
[Black "Andersson, Ulf"]
[Result "1/2-1/2"]
[WhiteElo "2555"]
[BlackElo "2535"]
[EventDate "1973.04.24"]
[PlyCount "43"]

1.e4 e6 2.d4 d5 3.Nc3 Bb4 4.e5 b6 5.a3 Bf8 6.f4 Ne7 7.Be3 Ba6 8.Bxa6 Nxa6 
9.Qe2 Qc8 10.Nf3 c6 11.O-O Nc7 12.g4 h5 13.h3 Qd7 14.Nd1 hxg4 15.hxg4 f5 
16.g5 Ng6 17.Nf2 Be7 18.Kg2 Kf7 19.Rh1 c5 20.c3 Qa4 21.Rxh8 Rxh8 22.Rh1 {
[Partida tipeada y digitalizada por Ernesto Solana (21-09-2016, Canarias, 
ESP) de la fuente primaria: BOLETN OFICIAL DEL I TORNEO INTERNACIONAL DE 
AJEDREZ CIUDAD DE ARRECIFE DE LANZAROTE. (1973, partida nmero 32, pgina 
9). Federacin Provincial de Ajedrez de Gran Canaria. Espaa. ]} 1/2-1/2

[Event "1st Lanzarote it"]
[Site "Lanzarote ESP"]
[Date "1973.04.30"]
[Round "7"]
[White "Menvielle Lacourrelle, Augusto"]
[Black "Ribli, Zoltan"]
[Result "0-1"]
[WhiteElo "2365"]
[BlackElo "2505"]
[EventDate "1973.04.24"]
[PlyCount "84"]

1.e4 c5 2.Nf3 d6 3.d4 cxd4 4.Nxd4 Nf6 5.Nc3 e6 6.g4 a6 7.g5 Nfd7 8.Be3 b5 
9.a3 Qc7 10.Qd2 Nc6 11.O-O-O Na5 12.f4 Nc4 13.Ndxb5 axb5 14.Nxb5 Qc6 15.
Bxc4 Qxc4 16.Nxd6+ Bxd6 17.Qxd6 Ra6 18.Qd4 Rc6 19.Qxc4 Rxc4 20.Bd4 Bb7 21.
Rhe1 e5 22.fxe5 Nc5 23.Bxc5 Rxc5 24.e6 fxe6 25.Rd6 Ke7 26.Rb6 Rc7 27.b3 
Rf8 28.Re2 Rf4 29.Kb2 Rg4 30.a4 Rxg5 31.c4 h5 32.b4 h4 33.a5 h3 34.Re3 
Rg2+ 35.Kb3 Rxh2 36.a6 Bc8 37.Rg3 Kf6 38.Rd6 Rh1 39.Rd2 Bxa6 40.b5 Bb7 41.
e5+ Kxe5 42.c5 h2 {[Partida tipeada y digitalizada por Ernesto Solana 
(21-09-2016, Canarias, ESP) de la fuente primaria: BOLETN OFICIAL DEL I 
TORNEO INTERNACIONAL DE AJEDREZ CIUDAD DE ARRECIFE DE LANZAROTE. (1973, 
partida nmero 31, pgina 9). Federacin Provincial de Ajedrez de Gran 
Canaria. Espaa. ]} 0-1

[Event "1st Lanzarote it"]
[Site "Lanzarote ESP"]
[Date "1973.05.01"]
[Round "8"]
[White "Andersson, Ulf"]
[Black "Calvo Minguez, Ricardo"]
[Result "1/2-1/2"]
[WhiteElo "2535"]
[BlackElo "2330"]
[EventDate "1973.04.24"]
[PlyCount "26"]

1.Nf3 Nf6 2.c4 e6 3.b3 d5 4.Bb2 Be7 5.g3 O-O 6.Bg2 c5 7.O-O Nc6 8.e3 b6 9.
Qe2 Ba6 10.Nc3 Rc8 11.d3 Qc7 12.Rfd1 Rfd8 13.Rac1 Bf8 {[Partida tipeada y 
digitalizada por Ernesto Solana (21-09-2016, Canarias, ESP) de la fuente 
primaria: BOLETN OFICIAL DEL I TORNEO INTERNACIONAL DE AJEDREZ CIUDAD DE 
ARRECIFE DE LANZAROTE. (1973, partida nmero 38, pgina 11). Federacin 
Provincial de Ajedrez de Gran Canaria. Espaa. ]} 1/2-1/2

[Event "1st Lanzarote it"]
[Site "Lanzarote ESP"]
[Date "1973.05.01"]
[Round "8"]
[White "Ribli, Zoltan"]
[Black "Kavalek, Lubomir"]
[Result "1/2-1/2"]
[WhiteElo "2505"]
[BlackElo "2555"]
[EventDate "1973.04.24"]
[PlyCount "61"]

1.Nf3 Nf6 2.g3 g6 3.b3 Bg7 4.Bb2 O-O 5.Bg2 d5 6.c4 dxc4 7.bxc4 c5 8.O-O 
Nc6 9.d3 Ne8 10.Nc3 Rb8 11.Nd2 Bd7 12.Nb3 b6 13.e3 Ne5 14.Qe2 Bg4 15.f3 
Bf5 16.e4 Bc8 17.Rad1 Nc6 18.f4 Nd4 19.Nxd4 Bxd4+ 20.Kh1 Ng7 21.Nd5 e6 22.
Ne3 Nh5 23.Bc1 Bb7 24.Nc2 Bf6 25.Be3 Qc7 26.e5 Be7 27.d4 cxd4 28.Nxd4 
Bxg2+ 29.Qxg2 Rfc8 30.Nb5 Qb7 31.Nd6 {[Partida tipeada y digitalizada por 
Ernesto Solana (21-09-2016, Canarias, ESP) de la fuente primaria: BOLETN 
OFICIAL DEL I TORNEO INTERNACIONAL DE AJEDREZ CIUDAD DE ARRECIFE DE 
LANZAROTE. (1973, partida nmero 39, pgina 11). Federacin Provincial de 
Ajedrez de Gran Canaria. Espaa. ]} 1/2-1/2

[Event "1st Lanzarote it"]
[Site "Lanzarote ESP"]
[Date "1973.05.01"]
[Round "8"]
[White "Saidy, Anthony"]
[Black "Huguet, Bernard"]
[Result "1/2-1/2"]
[WhiteElo "2425"]
[BlackElo "2255"]
[EventDate "1973.04.24"]
[PlyCount "84"]

1.Nf3 d5 2.g3 c6 3.Bg2 Bg4 4.d3 e6 5.Nbd2 Bd6 6.e4 Nd7 7.h3 Bh5 8.d4 Ne7 
9.O-O O-O 10.Re1 a5 11.a4 Qb8 12.e5 Bc7 13.Nb3 Bb6 14.g4 Bg6 15.Nh4 c5 16.
c3 cxd4 17.cxd4 Qa7 18.Be3 Rac8 19.Nxg6 hxg6 20.Bf1 Rc7 21.Bb5 Rfc8 22.Rc1
Rxc1 23.Nxc1 Nb8 24.Nb3 Nec6 25.Qd2 Nb4 26.Nc5 N8c6 27.Nb3 Ne7 28.Rc1 
Rxc1+ 29.Qxc1 Nec6 30.Qc3 f6 31.exf6 gxf6 32.h4 e5 33.dxe5 Bxe3 34.fxe3 
fxe5 35.Kg2 Kg7 36.Qd2 Qb6 37.e4 Qd8 38.exd5 Nxd5 39.Bc4 Nf4+ 40.Kg3 Qc7 
41.Bb5 Qb6 42.Kh2 Kh6 {[Partida tipeada y digitalizada por Ernesto Solana 
(21-09-2016, Canarias, ESP) de la fuente primaria: BOLETN OFICIAL DEL I 
TORNEO INTERNACIONAL DE AJEDREZ CIUDAD DE ARRECIFE DE LANZAROTE. (1973, 
partida nmero 37, pgina 11). Federacin Provincial de Ajedrez de Gran 
Canaria. Espaa. ]} 1/2-1/2

[Event "1st Lanzarote it"]
[Site "Lanzarote ESP"]
[Date "1973.05.01"]
[Round "8"]
[White "Visier Segovia, Fernando"]
[Black "Ljubojevic, Ljubomir"]
[Result "1/2-1/2"]
[WhiteElo "2365"]
[BlackElo "2550"]
[EventDate "1973.04.24"]
[PlyCount "111"]

1.d4 Nf6 2.c4 e6 3.Nc3 c5 4.d5 exd5 5.cxd5 d6 6.e4 g6 7.Nf3 Bg7 8.Be2 O-O 
9.Bg5 h6 10.Bh4 g5 11.Bg3 Nh5 12.Nd2 Nxg3 13.hxg3 f5 $5 ( {Hasta ahora 
todo era muy conocido, pero la ltima jugada de las negras, aunque no es 
una novedad, imprime cierta originalidad al juego, dado que casi 
sistemticamente se contina con} 13...Qe7 {.} ) 14.exf5 Bxf5 15.Nc4 Qf6 16.
O-O Na6 $5 ( {Tras} 16...Nd7 17.Nb5 $5 {, se produciran grandes 
complicaciones, al parecer favorables para las blancas.} ) 17.g4 $1 Bg6 
18.Bd3 $1 {[Las blancas tratan de apoderarse de la casilla "f5", ]} 18...
Nb4 19.Bxg6 Qxg6 20.Ne3 {[El propsito se ha complido. La posicin es 
ligeramente favorable para las blancas. ]} 20...Rae8 21.Nf5 Rxf5 $5 {[Al 
tiempo que colocaba el caballo en "f5" apareca la torre negra sacrificando
su vida por la del animal. Ciertamente la decisin ms que heroica debe 
estimarse como acertada, puesto que permitir la existencia del caballo en 
su posicin dominante encerraba serios peligros para la causa negra. ]} 22.
gxf5 Qxf5 23.Qh5 ( {Muy malo era} 23.Qa4 $2 Rf8 24.Qxa7 Bd4 25.Nd1 Nc2 {, 
ganando.} ) 23...Rf8 24.Rae1 Nd3 $1 {[Las negras tienen suficiente 
compensacin por la calidad. ]} 25.Re8 ( {La alternativa era} 25.Re7 $2 {, 
pero tras} 25...Nf4 $1 {, el avance de los peones negros del flanco del 
rey, y la entrada del alfil por "e5" o "d4" darn un tremendo ataque.} ) 
25...Nxb2 26.Ne4 Nc4 ( {Si} 26...Qxd5 $2 27.Qg6 $1 {con ventaja para las 
blancas.} ) ( {Tampoco era recomendable "abrochar" la posicin con} 26...
Be5 {, puesto que} 27.Rxf8+ Qxf8 28.Qg6+ Kh8 29.Rb1 $1 {m es claramente 
ventajoso para las blancas.} ) 27.Rxf8+ Qxf8 ( {Si} 27...Kxf8 28.Re1 $1 ) 
28.Qg6 {[De otra forma las negras jugaran Ce5, frenando toda la iniciativa
de las blancas. ]} 28...Qf7 29.Qxf7+ Kxf7 30.Rc1 b5 31.Rxc4 $1 ( {Los 
peones negros del flanco de dama se mostraran decisivos, en caso de no 
devolver la calidad. Hubiese sido interesante, sin embargo,} 31.a4 {, con 
idea de simplificar an ms el final.} ) 31...bxc4 32.Nxd6+ Kg6 33.Nxc4 Kf5 
34.f3 g4 35.Kf2 Bd4+ 36.Kg3 gxf3 ( {Tambin conduca a tablas} 36...Be5+ 37.
Kf2 g3+ 38.Ke2 {.} ) 37.Kxf3 $1 h5 38.g3 $1 a6 ( {La nica tentativa de las
negras consista en jugar} 38...h4 $5 ) 39.d6 Bf6 40.Ke3 Bd8 ( {Si} 40...
Kg4 41.Kf2 {y se mantiene la igualdad.} ) 41.Kf3 Bg5 42.d7 $1 Ke6 43.Ke4 
Kxd7 44.Kd5 Be7 45.Nb6+ $1 Ke8 ( {Si} 45...Kc7 46.Na4 Bd6 47.Nxc5 Bxg3 48.
Nxa6+ {, tablas.} ) 46.Na4 c4 47.Kxc4 Bd6 48.Nc5 Bxg3 49.Kd3 {[Ya se poda 
firmar el empate, puesto que el pen negro de la columna "h" no sirve para 
ganar.} 49...a5 50.Ke2 Ke7 51.a4 Bc7 52.Kf3 Kf6 53.Nb3 Kg5 54.Kg2 Kg4 55.
Kh1 Kg3 56.Kg1 {[ Comentarios: Fernando Visier (AJEDREZ CANARIO, Junio 
1973). || Fuente: Revista AJEDREZ CANARIO. (Junio 1973, nmero 23, pginas 
325 - 332). Seleccin de partidas del 1er Torneo Intenacional "Ciudad de 
Arrecife de Lanzarote" 1973. Publicacin editada por la Caja Insular de 
Ahorros de Gran Canaria. Las Palmas, isla de Gran Canaria, Espaa. ]} 
1/2-1/2

[Event "1st Lanzarote it"]
[Site "Lanzarote ESP"]
[Date "1973.05.02"]
[Round "9"]
[White "Calvo Minguez, Ricardo"]
[Black "Ribli, Zoltan"]
[Result "1/2-1/2"]
[WhiteElo "2330"]
[BlackElo "2505"]
[EventDate "1973.04.24"]
[PlyCount "27"]

1.e4 c5 2.Nf3 Nc6 3.Bb5 g6 4.O-O Bg7 5.Re1 Nf6 6.e5 Nd5 7.Nc3 Nc7 8.Bxc6 
dxc6 9.Ne4 Ne6 10.d3 O-O 11.Be3 b6 12.Qd2 Nd4 13.Nxd4 cxd4 14.Bh6 {
[Partida tipeada y digitalizada por Ernesto Solana (21-09-2016, Canarias, 
ESP) de la fuente primaria: BOLETN OFICIAL DEL I TORNEO INTERNACIONAL DE 
AJEDREZ CIUDAD DE ARRECIFE DE LANZAROTE. (1973, partida nmero 42, pgina 
12). Federacin Provincial de Ajedrez de Gran Canaria. Espaa. ]} 1/2-1/2

[Event "1st Lanzarote it"]
[Site "Lanzarote ESP"]
[Date "1973.05.02"]
[Round "9"]
[White "Huguet, Bernard"]
[Black "Andersson, Ulf"]
[Result "0-1"]
[WhiteElo "2255"]
[BlackElo "2535"]
[EventDate "1973.04.24"]
[PlyCount "66"]

1.e4 c5 2.Nf3 Nc6 3.d4 cxd4 4.Nxd4 e6 5.Be2 Nf6 6.Nxc6 bxc6 7.Nd2 d5 8.
exd5 cxd5 9.O-O Be7 10.c4 O-O 11.b3 Bb7 12.Bf3 Qd7 13.Bb2 Rfd8 14.cxd5 
Nxd5 15.Nc4 Rac8 16.Qd2 Ba6 17.Be2 Bxc4 18.Bxc4 Nb6 19.Qxd7 Rxd7 20.Rfd1 
Rxd1+ 21.Rxd1 Nxc4 22.bxc4 Rxc4 23.Rd7 Bf6 24.Rxa7 h5 25.Ba3 Rc2 26.g3 Bd4
27.Ra8+ Kh7 28.Bd6 Bxf2+ 29.Kf1 Bd4 30.h3 Kg6 31.a4 e5 32.Ra6 Rf2+ 33.Ke1 
Rf6 {[Partida tipeada y digitalizada por Ernesto Solana (21-09-2016, 
Canarias, ESP) de la fuente primaria: BOLETN OFICIAL DEL I TORNEO 
INTERNACIONAL DE AJEDREZ CIUDAD DE ARRECIFE DE LANZAROTE. (1973, partida 
nmero 43, pgina 12). Federacin Provincial de Ajedrez de Gran Canaria. 
Espaa. ]} 0-1

[Event "1st Lanzarote it"]
[Site "Lanzarote ESP"]
[Date "1973.05.02"]
[Round "9"]
[White "Ljubojevic, Ljubomir"]
[Black "Saidy, Anthony"]
[Result "1-0"]
[WhiteElo "2550"]
[BlackElo "2425"]
[EventDate "1973.04.24"]
[PlyCount "79"]

1.e4 c6 2.d3 d5 3.Nd2 Nf6 4.e5 Nfd7 5.f4 e6 6.Ngf3 c5 7.g3 Nc6 8.Bg2 Be7 
9.O-O Qc7 10.Re1 b6 11.c4 d4 12.Ne4 g6 13.a3 a5 14.Bd2 a4 15.g4 Bb7 16.Re2
Nd8 17.h3 Bc6 18.Be1 h6 19.Bg3 Nb7 20.Qe1 O-O-O 21.Bh4 Bxh4 22.Qxh4 Rdf8 
23.Rf1 Qd8 24.Qg3 Rhg8 25.h4 Qe7 26.g5 h5 27.Nfd2 Kc7 28.Rb1 Ra8 29.Rbe1 
Rgf8 ( {(RR de Rafael Santana, 09-10-2017, VEN): En el boletn oficial del 
torneo aparece la jugada 29...T1C1A. Pero resulta que este movimiento 
puede interpretarse de dos formas. La primera es la del texto (Revista 
AJEDREZ CANARIO, nmero 23, pgina 325) y la segunda es la que plantea el 
ajedrecista canario FM Ernesto Solana (27-09-2016):} 29...Rgc8 30.Bh3 Re8 
) 30.Bh3 Rfe8 31.f5 gxf5 32.Bxf5 Rg8 33.Bh3 Kb8 34.Bg2 Na5 35.Rf1 Ra7 36.
Nd6 Rg7 37.Ref2 Bxg2 38.Kxg2 Nc6 39.Rxf7 Rxf7 40.Rxf7 {[ Fuente 1: BOLETN 
OFICIAL DEL I TORNEO INTERNACIONAL DE AJEDREZ CIUDAD DE ARRECIFE DE 
LANZAROTE. (1973, partida nmero 44, pgina 12). Federacin Provincial de 
Ajedrez de Gran Canaria. Espaa. /\ Fuente 2: Revista AJEDREZ CANARIO. 
(Junio 1973, nmero 23, pginas 525-532). Seleccin de partidas del 1er 
Torneo Intenacional "Ciudad de Arrecife de Lanzarote" 1973. Publicacin 
editada por la Caja Insular de Ahorros de Gran Canaria. Las Palmas, isla 
de Gran Canaria, Espaa. /\ Fuente 3: Solana, Ernesto. Coleccin de partidas
digitalizadas del Torneo Internacional de Lanzarote 1973. Blog 
EXPLORACIONES INTROVERSAS. (01-10-2016). Ricardo Moyano 
(Editor/Webmaster). Espacio on-line oriundo de Espaa. Base de datos 
disponible en la direccin: http://nemogc.blogspot.com/ 
2016/10/i-torneo-de-ajedrez-internacional.html ]} 1-0

[Event "1st Lanzarote it"]
[Site "Lanzarote ESP"]
[Date "1973.05.03"]
[Round "10"]
[White "Andersson, Ulf"]
[Black "Ljubojevic, Ljubomir"]
[Result "1-0"]
[WhiteElo "2535"]
[BlackElo "2550"]
[EventDate "1973.04.24"]
[PlyCount "91"]

1.Nf3 Nf6 2.c4 g6 3.g3 Bg7 4.Bg2 O-O 5.O-O d6 6.Nc3 e5 7.d4 Nbd7 8.e4 exd4
9.Nxd4 Re8 10.h3 Nc5 11.Re1 Nfd7 12.Be3 Ne5 13.b3 c6 14.Rb1 a5 15.Re2 f5 
16.exf5 gxf5 17.Qc2 Qf6 18.Rd1 Re7 19.Kh2 Bd7 20.f4 Nf7 21.Bf2 Rae8 22.
Rde1 Rxe2 23.Rxe2 Rf8 24.a3 Nd8 25.Rd2 Be8 26.Nde2 Qe7 27.b4 axb4 28.axb4 
Na6 29.Na2 Ne6 30.Qd3 Bh5 31.Nd4 Nxd4 32.Bxd4 Bxd4 33.Qxd4 Rf6 34.b5 Nc5 
35.bxc6 bxc6 36.Rb2 Be8 37.Rb8 Rf8 38.Nb4 Qc7 $2 39.Ra8 Qb7 40.Nxc6 $1 
Bxc6 41.Rxf8+ Kxf8 42.Qxd6+ Kg7 43.Bxc6 Qb2+ 44.Bg2 Qf2 45.Qe7+ Kg8 46.
Qg5+ {[ Fuente: Revista AJEDREZ CANARIO. (Junio 1973, nmero 23, pginas 325
- 332). Seleccin de partidas del 1er Torneo Intenacional "Ciudad de 
Arrecife de Lanzarote" 1973. Publicacin editada por la Caja Insular de 
Ahorros de Gran Canaria. Las Palmas, isla de Gran Canaria, Espaa. ]} 1-0